| 000 | 02289nam a2200529 i 4500 | ||
|---|---|---|---|
| 001 | nkc20213383503 | ||
| 003 | CZ PrSKC | ||
| 005 | 20260505163300.0 | ||
| 007 | ta | ||
| 008 | 211215s2022 xr e 000 jacze | ||
| 020 | _a9788024279480 | ||
| 020 | _a9788088126980 | ||
| 040 |
_aBOA001 _bcze _dABA001 _erda |
||
| 041 | 1 |
_acze _heng |
|
| 072 | 7 |
_a616 _xPatologie. Klinická medicína _2Konspekt |
|
| 072 | 7 |
_a929 _xBiografie _2Konspekt |
|
| 080 |
_a616-055.2 _2MRF |
||
| 080 |
_a616-093.75 _2MRF |
||
| 080 |
_a616-036.887 _2MRF |
||
| 080 |
_a929 _2MRF |
||
| 080 |
_a(410) _2MRF |
||
| 080 |
_a(0:82-322.6) _2MRF |
||
| 100 | 1 |
_aClarke, Rachel, _d1972- _4aut |
|
| 240 | 1 | 0 |
_aDear life. _lČesky |
| 245 | 1 | 0 |
_aJe-li ti život milý : _bpříběhy ze života paliativní lékařky / _cRachel Clarke ; z angličtiny přeložila Tereza Kinovičová |
| 250 | _aVydání první | ||
| 264 | 1 |
_aPraha : _bEuromedia Group : _bCesta domů, _c2022 |
|
| 300 |
_a213 stran ; _c24 cm |
||
| 490 | 1 | _aEsence | |
| 504 | _aObsahuje bibliografické odkazy | ||
| 520 | 2 |
_aSpecialistka paliativní péče denně pomáhá nevyléčitelně nemocným smířit se s osudem a snaží se jim umírání co nejvíce ulehčit. _bKdyž však Rachelinu otci diagnostikují poslední stadium rakoviny a ona musí čelit odchodu milovaného člověka, otřese to nejen jejím vnímáním celé dosavadní praxe, ale na povrch se dostanou nejrůznější otázky o smyslu života. Nakladatelská anotace. Kráceno. |
|
| 600 | 1 | 7 |
_aClarke, Rachel, _d1972- _2czenas |
| 648 | 7 |
_a20.-21. století _2czenas _9117 |
|
| 650 | 0 | 7 |
_alékařky _zVelká Británie _y20.-21. století _2czenas _920721 |
| 650 | 0 | 7 |
_apaliativní medicína _zVelká Británie _2czenas _920722 |
| 650 | 0 | 7 |
_apaliativní péče _zVelká Británie _2czenas _920723 |
| 650 | 0 | 7 |
_aumírání _2czenas _910024 |
| 650 | 0 | 9 |
_awomen physicians _zGreat Britain _y20th-21st centuries _2eczenas _920724 |
| 650 | 0 | 9 |
_apalliative medicine _zGreat Britain _2eczenas _920725 |
| 650 | 0 | 9 |
_apalliative care _zGreat Britain _2eczenas _920726 |
| 650 | 0 | 9 |
_adying _2eczenas _910031 |
| 655 | 7 |
_aautobiografické příběhy _9120 |
|
| 655 | 9 |
_aautobiographical stories _9122 |
|
| 700 | 1 |
_aKinovičová, Tereza, _d1973- _4trl _920727 |
|
| 910 | _aABG508 | ||
| 999 |
_c34256 _d34256 |
||